00354nam a2200145Ia 4500008004100000020001500041041001200056082001600068100001600084245002900100260003700129300000800166650001500174700001900189221030s9999 xx 000 0 und d a8174937137 aEnglish a105.23bRam aT. Ramasamy 0aPrinciples of Management bHimalaya Pub HouseaMumbaic2000 a392 aManagement aA. A. Rangwala